Ψηφιακή επεξεργασία σημάτων
Αποθηκεύτηκε σε:
| Κύριος συγγραφέας: | |
|---|---|
| Μορφή: | Βιβλίο |
| Γλώσσα: | Greek |
| Δημοσίευση: |
Θεσσαλονίκη :
University Studio Press,
1987
|
| Θέματα: | |
| Ετικέτες: |
Προσθήκη ετικέτας
Δεν υπάρχουν, Καταχωρήστε ετικέτα πρώτοι!
|
MARC
| LEADER | 00000nam a2200000 i 4500 | ||
|---|---|---|---|
| 001 | 1/35197 | ||
| 008 | 941103s1987 gre d | ||
| 035 | |a 1991 |c ΓΡΑΜΜΑΤΕΙΑ |l 10039872 | ||
| 040 | |a GR-MY-UA |b gre |e aacr | ||
| 041 | 0 | |a gre | |
| 082 | 7 | |a 621.3822 | |
| 100 | 1 | |a Πανάς, Σταύρος Μ. | |
| 245 | 1 | 0 | |a Ψηφιακή επεξεργασία σημάτων / |c Σταύρος Μ. Πανάς |
| 260 | |a Θεσσαλονίκη : |b University Studio Press, |c 1987 | ||
| 300 | |a 220 σ.; |c 24 εκ. | ||
| 504 | |a Περιλαμβάνει βιβλιογραφίες | ||
| 650 | 0 | 0 | |a Signal processing. |
| 650 | 0 | 0 | |a Digital electronics. |
| 852 | |a INST |b SAMOS |e 19941103 |h 621.3822 ΠΑΝ |p 005300000121 |q 005300000121 |t BK |y 0 | ||
| 852 | |a INST |b SAMOS |e 19941103 |h 621.3822 ΠΑΝ |p 005300000160 |q 005300000160 |t BK |y 0 | ||
| 852 | |a INST |b SAMOS |e 19941103 |h 621.3822 ΠΑΝ |p 005300000161 |q 005300000161 |t BK |y 0 | ||
| 852 | |a INST |b SAMOS |e 19941103 |h 621.3822 ΠΑΝ |p 005300000162 |q 005300000162 |t BK |y 0 | ||
| 852 | |a INST |b SAMOS |e 19941103 |h 621.3822 ΠΑΝ |p 005300000163 |q 005300000163 |t BK |y 0 | ||
| 852 | |a INST |b SAMOS |e 19941103 |h 621.3822 ΠΑΝ |p 005300000164 |q 005300000164 |t BK |y 23 | ||
| 909 | |a Σ |b 020011 | ||
| 909 | |a Σ |b 022503 | ||
| 909 | |a Σ |b 022504 | ||
| 909 | |a Σ |b 022505 | ||
| 909 | |a Σ |b 022506 | ||
| 909 | |a Σ |b 022507 | ||